000
00249nam a2200097Ia 4500
001
777060
005
20250826165859.0
008
250824s9999 xx 000 0 und d
245
0
_a
TEK VE TEK BAŞINA TÜRKAN
_c
AYŞE KULİN
260
_b
EVEREST YAYINLARI
999
_c
777060
_d
777060